Nhập môn cơ sở dữ liệu

שמור ב:
מידע ביבליוגרפי
מחבר ראשי: Trần, Thành Trai
פורמט: ספר
שפה:Undetermined
יצא לאור: Hà Nội Thống kê 2004
נושאים:
תגים: הוספת תג
אין תגיות, היה/י הראשונ/ה לתייג את הרשומה!
Thư viện lưu trữ: Trung tâm Học liệu Trường Đại học Cần Thơ
LEADER 00577nam a2200193Ia 4500
001 CTU_96227
008 210402s9999 xx 000 0 und d
020 |c 35000 
082 |a 005.73 
082 |b Tr103 
100 |a Trần, Thành Trai 
245 0 |a Nhập môn cơ sở dữ liệu 
245 0 |c Trần Thành Trai 
260 |a Hà Nội 
260 |b Thống kê 
260 |c 2004 
650 |a Electronic data processing,Programming languages (Electronic computers) 
904 |i Truc 
980 |a Trung tâm Học liệu Trường Đại học Cần Thơ